[Event "ROM-ch U08"]
[Site "Calimanesti"]
[Date "2014.04.09"]
[Round "5"]
[White "Perescu, Neo"]
[Black "Veress, Armand"]
[Result "1-0"]
[WhiteElo "1145"]
[BlackElo "1026"]
[PlyCount "73"]
[EventDate "2014.04.06"]
[EventType "swiss"]
[EventRounds "9"]
[EventCountry "ROU"]
[SourceTitle "CBM 160 Extra"]
[Source "ChessBase"]
[SourceDate "2014.07.01"]
[SourceVersion "1"]
[SourceVersionDate "2014.07.01"]
[SourceQuality "1"]

1. e4 e5 2. Nf3 Nc6 3. Nc3 Nf6 4. Bb5 a6 5. Bxc6 dxc6 6. Nxe5 Qd4 7. Nf3 Qd8 8. d3 Bg4 9. Be3 Qd7 10. Qe2 0-0-0 11. 0-0 h5 12. h3 Be6 13. Rfb1 Bd6 14. e5 Be7 15. exf6 gxf6 16. b4 Rdg8 17. Kf1 Rh7 18. a4 Rhg7 19. b5 Rxg2 20. Ke1 Bxh3 21. Ba7 c5 22. bxa6 b6 23. Qe4 Qe6 24. Qxe6+ fxe6 25. Ne2 Bg4 26. Nfg1 Bd6 27. a5 Be5 28. Ra2 Bxe2 29. Kxe2 Bd4 30. Nh3 Rh2 31. Bxb6 Rxh3 32. a7 Kd7 33. c3 Bxc3 34. Bxc5 Be5 35. Rb8 Rg2 36. a8Q Rg1 37. Rd8# 1-0